000 00651nam a2200229 4500
001 127671
003 ES-MaACL
005 20230906193047.0
007 t|
008 070214s1985 sp r ||||1| spa d
020 _a84-344-8014-X
100 1 _aRillaer, Jacques van.
_997232
245 1 4 _aLas ilusiones del psicoanálisis /
_cJacques van Rillaer ; traducción de Antoni Vicens.
250 _a1ª. ed.
260 _aBarcelona :
_bAriel,
_c1985.
300 _a411 p. ;
_c23 cm.
490 1 _aMethodos
700 1 _aVicens, Antoni.
_9114311
830 0 _aMethodos
_9185744
852 _aES-MaACL
_jL-7748
_bR.108345
999 _c127671
_d127671